Popular Hockey Equipment Brands - Statistics

General Stats
  • This quiz has been taken 5 times
  • The average score is 7 of 15
Answer Stats
Hint Answer % Correct
Was purchased by Nike Bauer
75%
Created long pants for hockey Cooper
75%
Gretzky's bucket Jofa
75%
Made aluminum stick shafts Easton
50%
Made plastic skates in the 90's Micron
50%
Crosby's helmet Reebok
50%
From Sherbrook Sher-Wood
50%
Gretzky's sticks in the 80's Titan
50%
Not a lie True
50%
Messier-designed helmet Cascade
25%
Maker of the 705 skates Graf
25%
90's and 2000's visor brand Itech
25%
Sticks used by Jagr and Lemieux Koho
25%
Made a composite stick wrapped in rubber Louisville
25%
Roller-hockey brand that crossed over Mission
25%
No matching quizzes found
Score Distribution
Percent of People with Each Score
Percentile by Number Answered
Your Score History
You have not taken this quiz